| 000 | 00504nam a2200169Ia 4500 | ||
|---|---|---|---|
| 003 | IEPS | ||
| 005 | 20250703135251.0 | ||
| 008 | 250223s9999||||xx |||||||||||||| ||und|| | ||
| 040 | _CIEPS | ||
| 041 | _aara | ||
| 082 | _a306 | ||
| 245 | 0 | _aالثقافة والتراث القومي | |
| 260 |
_aتونس _bالمنظمة العربية للتربية و الثقافة و العلوم _c1992 |
||
| 300 |
_a185 ص. _bغلاف ملون ومصور _c24 سم |
||
| 653 | _aالثقافة | ||
| 942 | _cكتاب | ||
| 999 |
_c11823 _d11823 |
||